| 000 | 00557nmm a2200169Ia 4500 | ||
|---|---|---|---|
| 008 | 251105s9999||||xx |||||||||||||||||und|| | ||
| 020 | _a9788437065458 | ||
| 041 | _aspa | ||
| 100 | _aOncina Coves, Faustino | ||
| 245 | 0 | _aIlustración y modernidad en Friedrich Schiller en el bicentenario de su muerte | |
| 264 |
_a[Madrid, España] : _bPublicaciones de la Universidad de Valencia (PUV), _c2006 |
||
| 300 | _a260 páginas | ||
| 490 | _aOberta | ||
| 650 | _aPhilosophy, Ethics | ||
| 856 | _uhttps://public.digitaliapublishing.com/a/34680 | ||
| 942 | _cCF | ||
| 999 |
_c82362 _d82362 |
||